000 01871nam a2200433 c 4500
001 16605
003 ES-MaCES
005 20150929135451.0
008 040623s2004 sp a t o100 | spa d
017 _aAS 4304-2004
_bDL
035 _aCES20040008503m
040 _aES-MaCES
_bspa
_cES-MaCES
111 2 _aJornadas de Seguridad Social
_n
_d2004
_cOviedo
_9873
245 1 3 _aLa Seguridad Social en el ámbito de la Unión Europea
_cIII Jornadas de Seguridad Social, [celebradas los días 11 y 12 de febrero de 2004] ; organizadas por, Instituto Nacional de Seguridad Social, Dirección Provincial del INSS en Asturias [y] Universidad de Oviedo, Área de Derecho del Trabajo de la Universidad de Oviedo
260 _aOviedo
_bUniversidad de Oviedo, Área de Derecho del Trabajo
_bDirección Provincial del INSS en Asturias
_c[2004]
300 _a120 p.
_c26 cm
_e1 DVD
500 _aJornadas inauguradas por Jaime Montalvo, Presidente del Consejo Económico y Social (España)
500 _aPubl. también en DVD
541 _cGratuito
650 4 _aseguridad social
_927034
650 4 _aprotección social
_929076
650 4 _alegislación de seguridad social
_929855
650 4 _aderecho comunitario
_929866
650 4 _ajurisprudencia
_928624
650 4 _aaplicación
_929859
650 4 _aEspaña
_926964
650 4 _aconferencia
_927013
650 4 _aDVD
_931780
653 1 0 _aSeguridad Social
650 4 _926752
_aUE
700 1 _aMontalvo Correa, Jaime
_918871
710 1 _aInstituto Nacional de Seguridad Social (España)
_ecol.
_94299
710 1 _aUniversidad de Oviedo
_ecol.
_95319
710 2 _aEspaña
_bPresidente del Consejo Económico y Social
_93320
787 0 _tNovedades legislativas, bienio 2001-2002
_w(ES-MaCES)17214
902 _aLIB Libro
942 _2CES
_cBK
_h3.0.
999 _c16605
_d16605